Triband Flags - Statistics

General Stats
  • This quiz has been taken 64 times
    61 since last reset
  • The average score is 21 of 28
Answer Stats
Answer % Correct
Belgium
95%
France
95%
Netherlands
95%
Germany
92%
Italy
92%
Ireland
90%
Romania
90%
Peru
87%
Russia
87%
Latvia
85%
Lithuania
85%
Austria
82%
Estonia
82%
Hungary
82%
Colombia
79%
Luxembourg
79%
Bolivia
77%
Bulgaria
74%
Chad
74%
Armenia
69%
Nigeria
67%
Yemen
64%
Guinea
62%
Cote d'Ivoire
59%
Mali
56%
Sierra Leone
46%
Gabon
44%
Republic of the Congo
33%
No matching quizzes found
Score Distribution
Percent of People with Each Score
Percentile by Number Answered
Your Score History
You have not taken this quiz since the last reset